00271nam a2200109Ia 4500008004100000020001500041100002200056245003800078250000700116260002800123300001000151211105s9999 xx 000 0 und d aVYASA13476 aChang Garma C. C. 4aThe Buddhist Teaching Of Totality a\N bMotilal Banarsidassc\N a270p.